Shortest Pokémon Names - Statistics

General Stats
  • This quiz has been taken 13 times
  • The average score is 6 of 13
Answer Stats
Letters Answer % Correct
4 Abra
92%
3 Mew
75%
4 Jynx
67%
3 Muk
67%
4 Onix
42%
4 Seel
42%
4 Natu
33%
4 Uxie
33%
4 Xatu
33%
4 Ho-Oh
25%
4 Sawk
25%
4 Aron
17%
4 Axew
17%
No matching quizzes found
Score Distribution
Percent of People with Each Score
Percentile by Number Answered
Your Score History
You have not taken this quiz